000
00440nam a2200169Ia 4500
008
220531s9999 xx 000 0 und d
041
_a
mar
100
_a
गिरी कुसुम
_9
48509
245
_a
शिक्षा का समाजशास्त्र
250
_a
1ST
260
_b
Rawat
_c
1997
300
_a
231
542
_d
31-03-2006
650
_a
Sociology
_9
48510
906
_d
2005-2006
999
_c
28382
_d
28382